[Event "Challenge"]
[Site "http://www.queenalice.com/game.php?id=579945"]
[Date "2009.4.29"]
[Round "-"]
[White "Imbolt1"]
[Black "jon215"]
[Result "1-0"]
[WhiteElo "1765"]
[BlackElo "1789"]

1. e4 e5 2. Nf3 Nc6 3. c3 Nf6 4. d4 exd4 5. Bg5 Be7 6. Nxd4 Nxe4 7. Bxe7 Qxe7 8.
Be2 Qf6 9. Qd3 Qxf2+ 10. Kd1 Qf4 11. Rf1 Nf2+ 12. Kc2 Nxd3 13. Rxf4 Nxf4 14. Bf3
Nxd4+ 15. Kd2 Nxf3+ 16. gxf3 O-O 17. Na3 Re8 18. Kc2 Re2+ 19. Kb3 Rxh2 20. Re1
Ne6 21. Nc4 d6 22. f4 1-0

[Event "Challenge"]
[Site "http://www.queenalice.com/game.php?id=580334"]
[Date "2009.4.30"]
[Round "-"]
[White "Imbolt1"]
[Black "Xerxes"]
[Result "1-0"]
[WhiteElo "1746"]
[BlackElo "1823"]

1. b3 e5 2. Bb2 d6 3. h4 Be6 4. g3 g6 5. Bg2 Qc8 6. e3 Bg7 7. f4 f6 8. h5 Bg4 9.
Bf3 gxh5 10. Bxg4 hxg4 11. Qe2 a6 12. Rh4 h5 13. Qd3 Nc6 14. a3 Nge7 15. Qc4 Nf5
16. Rh2 Nxg3 17. Nc3 Qf5 18. Nge2 Qxc2 19. Nxg3 Qxb2 20. Rb1 Qc2 21. Qe6+ Ne7
22. Nxh5 Qg6 23. Nd5 Qf7 24. Nxg7+ Qxg7 25. Rxh8+ 1-0

[Event "Challenge"]
[Site "http://www.queenalice.com/game.php?id=586764"]
[Date "2009.5.11"]
[Round "-"]
[White "ORNELAS"]
[Black "Imbolt1"]
[Result "0-1"]
[WhiteElo "1645"]
[BlackElo "1782"]

1. d4 Nf6 2. c4 b6 3. d5 d6 4. b3 h6 5. Bb2 Nbd7 6. Nd2 a5 7. a4 g5 8. g3 Bb7 9.
Bg2 Bg7 10. Ngf3 e5 11. Qc2 Nc5 12. h3 Qe7 13. e4 g4 14. hxg4 Nxg4 15. Nh2 Qg5
16. Ndf3 Qg6 17. Nxg4 Qxg4 18. Rh4 Qg6 19. Bh3 Bc8 20. Bf5 Bxf5 21. exf5 Qf6 22.
Rb1 Qe7 23. Bc3 e4 24. Bxg7 exf3+ 25. Kf1 O-O-O 26. Bxh8 Rxh8 27. Re1 Qg5 28.
Re3 f6 29. Rxf3 Re8 30. Rg4 Qxg4 31. Kg2 h5 32. Rf4 Qg5 33. Qd1 h4 34. Rxh4 Ne4
35. Rf4 Qh6 36. Qg4 Ng5 37. Rd4 Nf7 38. Rd1 Ne5 39. Qe2 Rg8 40. c5 Rh8 41. f4
Qh2+ 42. Kf1 Qh1+ 43. Kf2 Rh2+ 44. Ke3 Rxe2+ 45. Kxe2 Qf3+ 46. Kd2 Qxd5+ 47. Kc2
Qxc5+ 48. Kb2 Qf2+ 49. Kb1 Nc6 50. Rc1 Nb4 51. Rc4 Qa2+ 52. Kc1 Qxb3 53. Rxb4
Qxb4 54. Kd1 d5 55. Ke2 Qb3 56. g4 d4 57. g5 Qe3+ 58. Kf1 d3 59. gxf6 d2 60. f7
d1=Q+ 61. Kg2 Qde2+ 62. Kh1 Qc1# 0-1

[Event "Challenge"]
[Site "http://www.queenalice.com/game.php?id=599460"]
[Date "2009.6.6"]
[Round "-"]
[White "Imbolt1"]
[Black "sh_sla"]
[Result "0-1"]
[WhiteElo "1833"]
[BlackElo "1922"]

1. e4 e5 2. b3 Qh4 3. Qf3 Nf6 4. g3 Qxe4+ 5. Qxe4 Nxe4 6. f3 Nf6 7. Nc3 Bc5 8.
Nge2 a6 9. g4 O-O 10. h4 d6 11. a4 e4 12. Nxe4 Nxe4 13. fxe4 Bxg4 14. c3 Bf3 15.
Rh3 Bxe4 16. Ng3 Bc2 17. Bc4 Re8+ 18. Ne2 Nc6 19. d3 Na5 20. Kd2 Bxb3 21. Rb1
Bxc4 22. dxc4 Nxc4+ 23. Kd1 b6 24. h5 f6 25. Rg3 Re4 26. Bh6 Ne3+ 27. Kd2 Nf5
28. Bxg7 Rxe2+ 29. Kxe2 Nxg3+ 30. Kf3 Kxg7 31. Kxg3 Re8 32. c4 Re4 33. Rc1 Kh6
34. Rf1 Kg5 35. Rh1 Re3+ 36. Kg2 Kg4 37. h6 f5 38. Rf1 Rg3+ 39. Kh2 Rh3+ 40. Kg2
Rxh6 41. Rf3 Rh2+ 42. Kxh2 Kxf3 43. Kh3 f4 44. Kh4 Ke2 45. Kg4 f3 46. Kf4 f2 47.
Ke4 f1=Q 48. Kd5 Qf3+ 49. Ke6 Qg4+ 50. Kd5 Qd4+ 51. Kc6 Qxc4 52. Kxc7 Qxa4 0-1

[Event "Challenge"]
[Site "http://www.queenalice.com/game.php?id=603171"]
[Date "2009.6.14"]
[Round "-"]
[White "Imbolt1"]
[Black "Xerxes"]
[Result "1/2-1/2"]
[WhiteElo "1839"]
[BlackElo "1793"]

1. b3 e5 2. Bb2 Nc6 3. e3 a6 4. f3 f6 5. a3 Bc5 6. g3 d6 7. b4 Bb6 8. g4 Be6 9.
c4 Ba7 10. Qa4 Bd7 11. b5 axb5 12. cxb5 Bb6 13. Qc4 Na5 14. Qe4 Be6 15. Nc3 Ne7
16. a4 d5 17. Qc2 d4 18. exd4 Bxd4 19. Nge2 c5 20. Bg2 Bd5 21. Nxd5 Qxd5 22.
Bxd4 exd4 23. d3 Rc8 24. Ra3 b6 25. Rg1 O-O 26. f4 Qd6 27. Qa2+ c4 28. Kf2 Nd5
29. dxc4 Nxc4 30. Bxd5+ Qxd5 31. Rd1 Qc5 32. Kf1 Kh8 33. Rad3 Ne3+ 34. Rxe3 dxe3
35. Qb2 Qc4 36. Rd4 Qe6 37. h3 h6 38. f5 Qe5 39. Kg2 Rc4 40. Qa3 Rfc8 41. Rxc4
Qd5+ 42. Kg3 Qxc4 43. Qxe3 Qxa4 44. Qxb6 Re8 45. Nf4 Qb3+ 46. Kh4 Kh7 47. Qc5
Qe3 48. Qxe3 Rxe3 49. b6 Rb3 50. Nd5 Rb5 51. Nf4 Rxb6 52. Kh5 Rb4 53. Ne6 Rb3
54. h4 Rb5 55. Nf8+ Kg8 56. Ne6 Kf7 57. Nd8+ Ke8 58. Ne6 Kf7 59. Nd8+ Ke8
1/2-1/2

[Event "Challenge"]
[Site "http://www.queenalice.com/game.php?id=606352"]
[Date "2009.6.20"]
[Round "-"]
[White "degrau"]
[Black "Imbolt1"]
[Result "1-0"]
[WhiteElo "1861"]
[BlackElo "1801"]

1. d4 Nf6 2. Nc3 e6 3. a3 c6 4. Bf4 d6 5. Bg5 h6 6. Bh4 g5 7. Bg3 b5 8. e3 d5 9.
Be2 a5 10. Nf3 Nbd7 11. Ne5 Nxe5 12. Bxe5 Bd6 13. Bg3 b4 14. Na4 Bxg3 15. hxg3
g4 16. Bxg4 Ne4 17. Bf3 Ng5 18. Nc5 bxa3 19. Rxa3 Nxf3+ 20. gxf3 Rb8 21. b3 Qb6
22. Qd2 e5 23. Qxa5 Qxa5+ 24. Rxa5 exd4 25. exd4 Bf5 26. Kd2 Kf8 27. g4 Bg6 28.
Nd7+ Ke7 29. Nxb8 Rxb8 30. Rxh6 Rb4 31. Kc3 Rb6 32. Ra7+ Kf6 33. f4 Rb8 34. Rc7
Rb6 35. Rd7 Ke6 36. Ra7 Kf6 37. Ra8 Rb7 38. Rah8 Rc7 39. f5 Kg5 40. fxg6 fxg6
41. R6h7 Rxh7 42. Rxh7 Kxg4 43. Rc7 g5 44. Rxc6 Kf3 45. Rf6+ Kg4 46. Kd3 Kh5 47.
c4 dxc4+ 48. bxc4 g4 49. c5 Kg5 50. Rf8 Kh4 51. c6 Kh3 52. c7 Kg2 53. c8=Q g3
54. Qc6+ Kh3 55. Rh8+ Kg4 56. Qg6+ Kf4 57. Qe4+ Kg5 58. Rg8+ Kf6 59. Qg6+ Ke7
60. Rg7+ Kd8 61. Qh7 gxf2 62. Qh8# 1-0

[Event "Challenge"]
[Site "http://www.queenalice.com/game.php?id=606354"]
[Date "2009.6.20"]
[Round "-"]
[White "Imbolt1"]
[Black "degrau"]
[Result "1-0"]
[WhiteElo "1821"]
[BlackElo "1878"]

1. b3 d5 2. Bb2 d4 3. g4 Bxg4 4. Bg2 c6 5. h3 Bf5 6. d3 e5 7. c4 Bb4+ 8. Kf1 Qf6
9. a3 Ba5 10. b4 Bc7 11. b5 c5 12. Bxb7 Qe6 13. Bxa8 e4 14. Qa4 Bb6 15. Bc6+
Nxc6 16. bxc6 exd3 17. c7+ Qd7 18. c8=Q+ Ke7 19. Qcxd7+ Bxd7 20. Qd1 dxe2+ 21.
Qxe2+ Be6 22. Nf3 Nf6 23. Rg1 Ne8 24. Nbd2 Nd6 25. Rxg7 Kf8 26. Qe5 Bxc4+ 27.
Nxc4 Nxc4 28. Qf6 Nd6 29. Qh6 Nf5 30. Rxf7+ Kxf7 31. Ng5+ Ke7 32. Qe6+ Kd8 33.
Qf6+ Ne7 34. Qxh8+ Kd7 35. Qxh7 Kd6 36. Re1 Nd5 37. Re6# 1-0

[Event "Challenge"]
[Site "http://www.queenalice.com/game.php?id=610661"]
[Date "2009.6.29"]
[Round "-"]
[White "marcelotorres"]
[Black "Imbolt1"]
[Result "1-0"]
[WhiteElo "1749"]
[BlackElo "1820"]

1. d4 e6 2. e3 Bb4+ 3. Bd2 Bxd2+ 4. Qxd2 a6 5. Nf3 f6 6. Nc3 c6 7. Be2 g5 8. g3
b5 9. O-O h5 10. Bd3 Ne7 11. e4 Bb7 12. e5 Ng8 13. exf6 Qxf6 14. Nxg5 d5 15. Qe3
Bc8 16. b4 a5 17. a3 axb4 18. axb4 Rxa1 19. Rxa1 Ne7 20. Qe5 Qxe5 21. dxe5 Nd7
22. f4 h4 23. Nxe6 hxg3 24. hxg3 Rg8 25. Kf2 Nb6 26. Nc7+ Kf7 27. Ne2 Rh8 28.
Kf3 Rd8 29. g4 Rg8 30. f5 Rh8 31. e6+ Kf6 32. Nd4 Kg5 33. Rg1 Bb7 34. Kg3 Rc8
35. Ndxb5 cxb5 36. Nxb5 Rc3 37. Nxc3 d4 38. Ne4+ Bxe4 39. Bxe4 Nc4 40. Rd1 Nd6
41. Rxd4 Nb5 42. Rd7 Kf6 43. Kf4 Nc3 44. g5+ 1-0

[Event "Challenge"]
[Site "http://www.queenalice.com/game.php?id=610699"]
[Date "2009.6.29"]
[Round "-"]
[White "ORNELAS"]
[Black "Imbolt1"]
[Result "1-0"]
[WhiteElo "1766"]
[BlackElo "1839"]

1. d4 g6 2. c3 Bg7 3. e4 d6 4. Bf4 h5 5. Nf3 f6 6. Nh4 Kf7 7. Bc4+ e6 8. Qf3 Ne7
9. e5 dxe5 10. dxe5 f5 11. O-O Bh6 12. Rd1 Nd7 13. Qg3 Bxf4 14. Qxf4 c6 15. Na3
Qc7 16. Rd6 Nf8 17. Qg5 Nh7 18. Qg3 g5 19. Qf3 gxh4 20. Qxh5+ Ng6 21. Qh6 b5 22.
Bd3 a5 23. Bxf5 Nxe5 24. Qh5+ Ke7 25. Rad1 Bd7 26. Qxh4+ Nf6 27. Qd4 Neg4 28.
Qc5 Kf7 29. Bxg4 Nd5 30. c4 Rag8 31. cxd5 Rxg4 32. dxe6+ Kf6 33. exd7+ Kg7 34.
Qe5+ Kh7 35. Qf5+ Kg8 36. Qxg4+ Kf7 37. Qg6+ Kf8 38. Rf6+ Ke7 39. Qg7+ 1-0

[Event "Challenge"]
[Site "http://www.queenalice.com/game.php?id=614474"]
[Date "2009.7.7"]
[Round "-"]
[White "degrau"]
[Black "Imbolt1"]
[Result "1-0"]
[WhiteElo "1913"]
[BlackElo "1806"]

1. d4 e6 2. Bf4 f6 3. a3 g5 4. Bg3 c6 5. e3 h5 6. h3 d6 7. Be2 Qb6 8. Bxh5+ Kd7
9. b4 a5 10. bxa5 Qb2 11. Nd2 Rxa5 12. Be2 d5 13. Bxb8 Bxa3 14. Ngf3 Qb4 15. Rb1
Bb2 16. Bd3 g4 17. Ng1 f5 18. Be5 Rh6 19. g3 b5 20. Kf1 Qc3 21. Ne2 Qb4 22. Nb3
Ra2 23. h4 Qa3 24. Kg2 Ne7 25. Nec1 Bxc1 26. Qxc1 Qxc1 27. Rbxc1 Ra3 28. Bf4 Rh7
29. Ra1 Rxa1 30. Rxa1 Bb7 31. Nc5+ Kc8 32. Nxe6 Ng6 33. Bxf5 Nxf4+ 34. exf4 Re7
35. Bxg4 Kb8 36. Nc5 b4 37. Rb1 Kc7 38. Rxb4 Bc8 39. Bxc8 Kxc8 40. Ra4 Re2 41.
Ra8+ Kc7 42. h5 Rxc2 43. h6 Re2 44. h7 Re4 45. h8=Q Kd6 46. Qf6+ Kc7 47. Qd8#
1-0

[Event "Challenge"]
[Site "http://www.queenalice.com/game.php?id=614475"]
[Date "2009.7.7"]
[Round "-"]
[White "Imbolt1"]
[Black "degrau"]
[Result "1-0"]
[WhiteElo "1787"]
[BlackElo "1861"]

1. b3 d5 2. Bb2 Bf5 3. f3 Nc6 4. g4 Bg6 5. h4 h6 6. h5 Bh7 7. c3 f6 8. d3 e5 9.
Bg2 Bc5 10. b4 Be3 11. b5 Na5 12. Qa4 b6 13. d4 Qd6 14. Ba3 Qe6 15. Nd2 exd4 16.
cxd4 Bxd2+ 17. Kd1 Nc4 18. e4 dxe4 19. fxe4 Qxg4+ 20. Ne2 Nxa3 21. Qxa3 Qxg2 22.
Rg1 Qxe4 23. Kxd2 Qc2+ 24. Ke1 Bd3 25. Rg2 Bxb5 26. Rc1 Qa4 27. Qe3+ Kf7 28.
Rxc7+ Bd7 29. Qe4 Ne7 30. Nc3 f5 31. Qe5 Rhg8 32. Nxa4 Rad8 33. d5 g5 34. hxg6+
Rxg6 35. Rxg6 Nxg6 36. Qxf5+ Kg7 37. Rxd7+ Kh8 38. Qf6+ Kg8 39. Qxg6+ Kf8 40.
Qf7# 1-0

[Event "Challenge"]
[Site "http://www.queenalice.com/game.php?id=643754"]
[Date "2009.8.28"]
[Round "-"]
[White "Imbolt1"]
[Black "Canuck"]
[Result "0-1"]
[WhiteElo "1815"]
[BlackElo "1689"]

1. e3 e5 2. b3 Nc6 3. c3 Nf6 4. f3 d5 5. g4 e4 6. h3 h5 7. g5 Nd7 8. f4 Nb6 9.
Bb5 Bd7 10. Bxc6 Bxc6 11. h4 g6 12. a4 a5 13. Ne2 f6 14. Nd4 Bd7 15. Bb2 Bg4 16.
Qc2 Bc5 17. Ne6 Bxe6 18. d4 Be7 19. Nd2 fxg5 20. fxg5 O-O 21. O-O-O c5 22. Ba3
c4 23. Bxe7 Qxe7 24. bxc4 Qa3+ 25. Qb2 Qxb2+ 26. Kxb2 Nxa4+ 27. Kb3 Nb6 28. c5
Nc4 29. Nxc4 dxc4+ 30. Kc2 a4 31. Rb1 Rf2+ 32. Kc1 Bd5 33. Rb6 Ra6 34. Rxb7 Bxb7
35. Kb1 a3 36. Ka1 Rc2 37. Rb1 Bd5 38. Rb8+ Kf7 39. Rd8 Ke6 40. Rf8 Ke7 41. Rb8
Rxc3 42. Rh8 Rc1+ 43. Ka2 c3# 0-1

[Event "Challenge"]
[Site "http://www.queenalice.com/game.php?id=643755"]
[Date "2009.8.28"]
[Round "-"]
[White "Imbolt1"]
[Black "salvioluiz"]
[Result "0-1"]
[WhiteElo "1794"]
[BlackElo "1711"]

1. b3 e5 2. e3 d5 3. Bb2 Nc6 4. h3 Nf6 5. Bb5 Qd6 6. Bxc6+ bxc6 7. g4 e4 8. a3
c5 9. Qe2 Bd7 10. a4 Rb8 11. Nc3 d4 12. Nb5 Bxb5 13. axb5 Ra8 14. Qc4 Be7 15.
exd4 cxd4 16. Bxd4 O-O 17. d3 Qd5 18. Qxc7 Qxd4 19. Ne2 Qxa1+ 20. Kd2 Qxh1 21.
Qxe7 exd3 22. cxd3 Qxh3 23. g5 Ng4 24. Qc5 Qf3 25. Nd4 Qxf2+ 26. Kc3 Rac8 27.
Kb4 Rxc5 28. Kxc5 Rc8+ 29. Kd5 Rd8+ 30. Kc6 Qxd4 31. Kb7 Qb6# 0-1

[Event "Challenge"]
[Site "http://www.queenalice.com/game.php?id=646167"]
[Date "2009.9.2"]
[Round "-"]
[White "Imbolt1"]
[Black "Kveirov"]
[Result "1-0"]
[WhiteElo "1787"]
[BlackElo "1832"]

1. g4 e5 2. h4 d5 3. f3 Nc6 4. c3 f5 5. g5 f4 6. d4 e4 7. fxe4 dxe4 8. Bxf4 Bg4
9. Bg2 Bf5 10. Nd2 Qe7 11. e3 g6 12. h5 h6 13. hxg6 Bxg6 14. Qc2 O-O-O 15. Qa4
Kb8 16. Nc4 Qe6 17. Na5 Nxa5 18. Qxa5 Bd6 19. Ne2 Bxf4 20. Nxf4 Qg4 21. Nxg6
Qxg2 22. O-O-O Rh7 23. Rhg1 Qf3 24. Rde1 hxg5 25. Ne5 Qh5 26. Rh1 Qxh1 27. Rxh1
Rxh1+ 28. Kc2 Ne7 29. Nf7 Rd5 30. Qb4 c5 31. dxc5 Nc6 32. Qxe4 Rh2+ 33. Kb3 Na5+
34. Ka4 Rxc5 35. Qe8+ Rc8 36. Qe5+ Ka8 37. Qxa5 Rxb2 38. Ka3 Rc2 39. Kb3 b6 40.
Qd5+ 1-0

[Event "Challenge"]
[Site "http://www.queenalice.com/game.php?id=647060"]
[Date "2009.9.4"]
[Round "-"]
[White "ORNELAS"]
[Black "Imbolt1"]
[Result "0-1"]
[WhiteElo "1687"]
[BlackElo "1775"]

1. d4 e6 2. Nf3 h6 3. a3 f6 4. b4 g5 5. h3 d5 6. e3 a6 7. c3 Bd7 8. Nbd2 c6 9.
Bd3 Ne7 10. Nh2 h5 11. Qc2 f5 12. Ndf3 Ng6 13. Ne5 Nxe5 14. Be2 Nc4 15. Nf3 a5
16. Bxc4 dxc4 17. bxa5 Rxa5 18. a4 Bg7 19. Qa2 b5 20. Qc2 Qe7 21. Ba3 Qd8 22. g3
h4 23. Rg1 hxg3 24. Rxg3 g4 25. hxg4 Rh1+ 26. Rg1 Rxg1+ 27. Nxg1 Qg5 28. Bd6
Qxg4 29. Kd2 Qg2 30. Bg3 c5 31. Ne2 Bc6 32. Nf4 Qf3 33. Kc1 Be4 34. Qd2 cxd4 35.
cxd4 Rxa4 36. Rxa4 bxa4 37. Nxe6 Bf6 38. Kb2 Na6 39. Ka3 Bc6 40. Nc5 Be7 41. Ka2
Bd5 42. Nxa6 c3+ 43. Kb1 cxd2 44. Nc7+ Kd7 45. Nxd5 d1=Q+ 46. Kb2 Qb3+ 47. Kc1
Qfd1# 0-1

[Event "Challenge"]
[Site "http://www.queenalice.com/game.php?id=658546"]
[Date "2009.9.26"]
[Round "-"]
[White "Imbolt1"]
[Black "Davidziak95"]
[Result "0-1"]
[WhiteElo "1815"]
[BlackElo "1820"]

1. b3 d5 2. e3 e5 3. Bb2 Nc6 4. Bb5 Ne7 5. h3 a6 6. Bxc6+ Nxc6 7. Qh5 Be6 8. Nf3
g6 9. Qh4 Qxh4 10. Nxh4 Bg7 11. O-O O-O-O 12. a3 d4 13. e4 d3 14. cxd3 Bxb3 15.
Nf3 Rxd3 16. Nc3 Nd4 17. Nxd4 Rxd4 18. Bc1 Rhd8 19. Rb1 Bc2 20. Rb2 Bxe4 21. Re1
Bc6 22. f3 f5 23. Ne2 R4d5 24. Nc3 Rd4 25. Ne2 Ra4 26. Rc2 e4 27. f4 Kb8 28. h4
Ra5 29. Nc3 Bd4+ 30. Kh2 Bf2 31. Re2 Bxh4 32. Re3 Be7 33. Nb1 Bd6 34. g3 g5 35.
fxg5 f4 36. Re1 Rxg5 37. d4 exd3 38. Rc3 Rxg3 39. Nd2 f3 40. Rxd3 Rg2+ 41. Kh1
f2 42. Rf1 Rh2# 0-1

[Event "Challenge"]
[Site "http://www.queenalice.com/game.php?id=658591"]
[Date "2009.9.26"]
[Round "-"]
[White "Imbolt1"]
[Black "faustinho"]
[Result "0-1"]
[WhiteElo "1815"]
[BlackElo "1908"]

1. e4 e5 2. a3 Nf6 3. d3 Be7 4. h4 d6 5. f3 Nh5 6. Ne2 Bxh4+ 7. g3 Nxg3 8. Nxg3
Bxg3+ 9. Ke2 O-O 10. Rg1 Bh4 11. Bh6 Bf6 12. Nc3 c6 13. b4 d5 14. Qe1 Re8 15.
Qd2 Qb6 16. Rg3 g6 17. exd5 e4 18. dxe4 Qd4 19. Qxd4 Bxd4 20. Kd3 Bxc3 21. Kxc3
cxd5 22. Bd3 dxe4 23. fxe4 Be6 24. e5 Nc6 25. Bf4 Rac8 26. Kb2 Bd5 27. c3 Nxe5
28. Bxe5 Rxe5 29. Rc1 Bc4 30. Bxc4 Rxc4 31. Kb3 b5 32. a4 a6 33. Rd3 Re6 34. Rd5
Rb6 35. Rd7 Rf4 36. Rd4 bxa4+ 37. Kxa4 Rf5 38. Re1 h5 39. Re8+ Kg7 40. c4 g5 41.
Rdd8 Rf4 42. Rc8 g4 43. Re3 Rg6 44. c5 h4 45. c6 g3 46. c7 Rc6 47. Re7 g2 48.
Re1 Rf1 49. Re7 g1=Q 50. Rg8+ Kxg8 51. Re8+ Kg7 52. c8=Q Rxc8 53. Rxc8 Qb6 54.
Rc5 Qxc5 55. bxc5 h3 56. c6 Rc1 57. Ka5 Rxc6 0-1